Music Quiz

Random Music Quiz

Medicine Lyrics Quiz Stats

 Plays Quiz not verified by Sporcle

Score 0/124 Timer 10:00
0 Plays Today
Hint Answer % Correct
you
83.3%
you
83.3%
you
83.3%
you
83.3%
you
83.3%
you
83.3%
you
83.3%
you
83.3%
you
83.3%
you
83.3%
you
83.3%
me
83.3%
you
83.3%
you
83.3%
you
83.3%
you
83.3%
you
83.3%
you
83.3%
me
83.3%
you
83.3%
and
75%
a
75%
a
75%
a
75%
the
75%
the
75%
the
75%
and
75%
75%
75%
75%
75%
75%
75%
medicine
72.9%
medicine
72.9%
be
72.9%
medicine
72.9%
medicine
72.9%
medicine
72.9%
medicine
72.9%
be
72.9%
Hint Answer % Correct
be
72.9%
be
72.9%
to
68.8%
i
68.8%
to
68.8%
to
68.8%
i
68.8%
i
68.8%
it
66.7%
it
66.7%
it
66.7%
all
62.5%
all
62.5%
its
62.5%
just
62.5%
its
62.5%
just
62.5%
its
62.5%
just
62.5%
what
62.5%
want
62.5%
what
62.5%
its
62.5%
all
62.5%
all
62.5%
all
62.5%
what
62.5%
want
62.5%
what
62.5%
what
62.5%
want
62.5%
what
62.5%
go
60.4%
when
60.4%
when
60.4%
when
60.4%
when
60.4%
when
60.4%
still
58.3%
said
58.3%
were
58.3%
still
58.3%
Hint Answer % Correct
said
58.3%
were
58.3%
still
58.3%
said
58.3%
were
58.3%
got
56.3%
met
56.3%
got
56.3%
got
56.3%
but
56.3%
from
56.3%
from
56.3%
from
56.3%
met
56.3%
met
56.3%
met
56.3%
met
56.3%
youve
54.2%
could
54.2%
could
54.2%
youve
54.2%
heart
54.2%
youve
54.2%
beautiful
54.2%
brain
54.2%
could
54.2%
could
54.2%
start
52.1%
again
52.1%
home
52.1%
warm
52.1%
second
50%
chance
50%
up
47.9%
up
47.9%
irrelevant
47.9%
escape
45.8%
disintegrating
45.8%
pick
43.8%
pick
43.8%

You're not logged in!

Compare scores with friends on all Sporcle quizzes.
OR
Log In

Sporcle TV

Today on Sporcle TV


Watch our educational content, quiz creation guides, and fun videos on Sporcle TV.

Show Comments

Extras

Created Aug 26, 2017ReportNominate
Tags:medicine

Top Quizzes Today


Score Distribution

Your Account Isn't Verified!

In order to create a playlist on Sporcle, you need to verify the email address you used during registration. Go to your Sporcle Settings to finish the process.

Report this User

Report this user for behavior that violates our Community Guidelines.

Details: